| Tag |
First Indicator |
Second Indicator |
Subfields |
| LEADER |
00000cam a22000007a 4500 |
| 001 |
in00005774049 |
| 005 |
20260327180726.0 |
| 006 |
m o d |
| 007 |
cr ||||||||||| |
| 008 |
241124s2024 xx o 000 0 eng d |
| 040 |
|
|
|a OCLKB
|b eng
|e pn
|c OCLKB
|d OPELS
|d OCLCO
|d OCLCL
|
| 020 |
|
|
|z 9780128233924
|
| 020 |
|
|
|z 0128233923
|
| 035 |
|
|
|a (OCoLC)1473190746
|
| 050 |
|
4 |
|a TS695
|
| 082 |
0 |
4 |
|a 671.7/35
|2 23/eng/20241202
|
| 049 |
|
|
|a TXAM
|
| 245 |
0 |
0 |
|a Fundamentals of Vacuum Science and System Design for High and Ultrahigh Vacuum.
|n Volume 1,
|p Vacuum and thin-film deposition technologies.
|
| 246 |
3 |
0 |
|a Vacuum and thin-film deposition technologies
|
| 264 |
|
1 |
|b Elsevier
|c 2024
|
| 300 |
|
|
|a 1 online resource
|
| 336 |
|
|
|a text
|b txt
|2 rdacontent
|
| 337 |
|
|
|a computer
|b c
|2 rdamedia
|
| 338 |
|
|
|a online resource
|b cr
|2 rdacarrier
|
| 588 |
|
|
|a Machine-generated record
|
| 650 |
|
0 |
|a Vapor-plating.
|
| 650 |
|
0 |
|a Vacuum technology.
|
| 650 |
|
6 |
|a Vide (Technologie)
|
| 655 |
|
7 |
|a Electronic books.
|2 local
|
| 710 |
2 |
|
|a ScienceDirect (Online service)
|
| 856 |
4 |
0 |
|u http://proxy.library.tamu.edu/login?url=https://www.sciencedirect.com/science/book/9780128233924
|z Connect to the full text of this electronic book
|t 0
|
| 955 |
|
|
|a Elsevier ScienceDirect 2026-2027
|
| 994 |
|
|
|a 92
|b TXA
|
| 999 |
f |
f |
|i a2aa7da7-c086-43b2-9919-4559323a9311
|s 45229a68-8a7f-4424-be45-8623c4e539b1
|t 0
|
| 952 |
f |
f |
|a Texas A&M University
|b College Station
|c Electronic Resources
|s www_evans
|d Available Online
|t 0
|e TS695
|h Library of Congress classification
|
| 998 |
f |
f |
|a TS695
|t 0
|l Available Online
|